Zenless Zone Zero Characters - Statistics

General Stats
  • This quiz has been taken 667 times
    513 since last reset
  • The average score is 22 of 27
Answer Stats
Faction Element Answer % Correct
Victoria Housekeeping Co Ice Ellen
95%
Cunning Hares Physical Billy
92%
Cunning Hares Ether Nicole
92%
Cunning Hares Electric Anby
91%
Belebog Heavy Industries Fire Ben
91%
Belebog Heavy Industries Electric Grace
90%
Criminal Investigation Special Response Team Physical Jane Doe
88%
Sons of Calydon Fire Lucy
88%
Section 6 Ice Miyabi
88%
Cunning Hares Physical Nekomata
88%
Belebog Heavy Industries Electric Anton
87%
Victoria Housekeeping Co Physical Corin
86%
Belebog Heavy Industries Fire Koleda
86%
Victoria Housekeeping Co Ice Lycaon
86%
Victoria Housekeeping Co Electric Rina
86%
Criminal Investigation Special Response Team Electric Seth
86%
Criminal Investigation Special Response Team Electric Seth
86%
Sons of Calydon Fire Burnice
85%
Sons of Calydon Physical Piper
85%
Criminal Investigation Special Response Team Ether Zhu Yuan
85%
Sons of Calydon Fire Lighter
83%
OBOLS Squad Fire Soldier 11
82%
Section 6 Ice Soukaku
82%
Section 6 Electric Yanagi
82%
Criminal Investigation Special Response Team Electric Qingyi
77%
Sons of Calydon Physical Ceasar
62%
Section 6 Electric Harumasu
9%
No matching quizzes found
Score Distribution
Percent of People with Each Score
Percentile by Number Answered
Your Score History
You have not taken this quiz since the last reset